Economic reforms and performance: China and India in comparative perspective (Record no. 401853)

000 -LEADER
fixed length control field 00503cam a22001577a 4500
008 - FIXED-LENGTH DATA ELEMENTS--GENERAL INFORMATION
fixed length control field 180718b2003 xxu||||| |||| 00| 0 eng d
020 ## - INTERNATIONAL STANDARD BOOK NUMBER
International Standard Book Number 8122006566
082 ## - DEWEY DECIMAL CLASSIFICATION NUMBER
Classification number T19x54 Sw22
100 ## - MAIN ENTRY--PERSONAL NAME
Personal name Swamy, Subramanian
245 ## - TITLE STATEMENT
Title Economic reforms and performance: China and India in comparative perspective
Statement of responsibility, etc. by Subramanian Swamy
260 ## - PUBLICATION, DISTRIBUTION, ETC.
Place of publication, distribution, etc. Delhi
Name of publisher, distributor, etc. Konark
Date of publication, distribution, etc. 2003
300 ## - PHYSICAL DESCRIPTION
Extent 308p.
650 ## - SUBJECT ADDED ENTRY--TOPICAL TERM
Topical term or geographic name entry element International economic relations
650 ## - SUBJECT ADDED ENTRY--TOPICAL TERM
Topical term or geographic name entry element Economic reforms - China
650 ## - SUBJECT ADDED ENTRY--TOPICAL TERM
Topical term or geographic name entry element Economic reforms - India
Holdings
Withdrawn status Lost status Damaged status Not for loan Permanent Location Current Location Date acquired Full call number Barcode Date last seen Price effective from Koha item type
        Indian Institute of Public Administration Indian Institute of Public Administration 2003-10-09 T19x54 Sw22 78887 2018-07-21 2018-07-21 Book

Powered by Koha